00705nam a2200193 a 4500001001000000003000900010005001700019008004100036040002500077049000900102082000900111110009200120245003300212260009800245300002800343942001400371952010900385999001700494000026966DO-SdBNP20250306143823.0110328s1971 dr a 000 0 spa d aDO-SdBNPbspacBNPHU aBNPD axxxx1 aUniversidad Autónoma de Santo DomingobUniversidad Autónoma de Santo Domingo97295110aCatálos general 1970-1971. aSanto Domingo, :bComisión para el Desarrollo y Reforma Universitaria de la UASD,c[1971?]. a460 p. :bil. ;c21 cm. 2ddccLBS1 0010718PDaPDbPDcCTd2011-03-28iLF1l0oxxxx p26966-10r2020-06-25w2020-06-25yLFPDZNo se presta c26458d26458